|
|
|
|
| LEADER |
01047nam a22002891 4500 |
| 001 |
38857 |
| 003 |
BD-DhAAL |
| 005 |
20220615143324.0 |
| 008 |
220615r19581953enk 000 0 eng d |
| 999 |
|
|
|c 44389
|d 44389
|
| 015 |
|
|
|a GB53-3854
|
| 035 |
|
|
|a (OCoLC)3493721
|
| 040 |
|
|
|a DLC
|c ScU
|d ScU
|d OCoLC
|d Uk
|d DLC
|d BD-DhAAL
|
| 042 |
|
|
|a premarc
|
| 050 |
0 |
0 |
|a PS3509.L43
|b A16 1953
|
| 082 |
|
|
|a 814.5
|
| 100 |
1 |
|
|a Eliot, T. S.
|q (Thomas Stearns),
|d 1888-1965.
|9 49379
|
| 245 |
1 |
0 |
|a Selected prose /
|c edited by John Hayward.
|
| 260 |
|
|
|a London ;
|a Baltimore :
|b Penguin Books,
|c c1953 [reprinted 1958].
|
| 300 |
|
|
|a 250 pages ;
|c 18 cm.
|
| 490 |
0 |
|
|a Penguin Books,
|v 873
|
| 541 |
|
|
|a Donated By Akbar Ali Khan
|e 38857
|
| 650 |
|
|
|a English poetry.
|9 49380
|
| 650 |
|
|
|a English literature.
|9 49381
|
| 852 |
|
|
|a Ayesha Abed Library
|c Akbar Ali Khan Collection
|
| 942 |
|
|
|2 ddc
|c BK
|
| 952 |
|
|
|0 0
|1 0
|2 ddc
|4 0
|6 814_500000000000000_ELI
|7 1
|9 70935
|a BRACUL
|b BRACUL
|c CS1
|d 2022-06-15
|e Donated by Akbar Ali Khan
|l 0
|o 814.5 ELI
|p 3010038857
|r 2022-06-15
|t 1
|w 2022-06-15
|y BK
|